|
|
|
|
| LEADER |
00000nab a2200000uu 4500 |
| 001 |
vtls011457562 |
| 003 |
SK-MaSNL |
| 005 |
20260303151709.0 |
| 008 |
230222|1977 xo |||||||||||||||||cze| |
| 015 |
|
|
|a SNBRB
|
| 035 |
|
|
|a (urnnbn)urn:nbn:sk:snk:ar-a09vgg
|
| 035 |
|
|
|a (uuid)890fad6f-517f-4d63-a8d8-197eb7a638b2
|
| 035 |
|
|
|a urn:nbn:sk:snk-abcs4h
|
| 040 |
|
|
|a SNKBUCL
|b slo
|c SNKBUCL
|e AACR2
|
| 041 |
0 |
|
|a cze
|
| 044 |
|
|
|a xo
|c SK
|
| 100 |
1 |
|
|a Kučera, J.
|4 aut
|9 289194
|
| 245 |
1 |
0 |
|a Vliv geometrie výbojové komory na vlastnosti proudu argonového plazmatu
|c J. Kučera
|
| 773 |
0 |
|
|t Strojnícky časopis
|g Roč. 28, č. 6 (1977), s. 673-677
|
| 958 |
|
|
|a OND
|
| 958 |
|
|
|a EUIPO
|
| 958 |
|
|
|a article16
|
| 999 |
|
|
|c 2018902
|d 2020832
|